Statistics for 10 US States With The Most Bigfoot Sightings

Click here to take the quiz!

General Stats

  • This quiz has been taken 660 times
  • The average score is 6 of 10

Answer Stats

# Of SightingsAnswer% Correct
461California
94%
715Washington
92%
258Oregon
91%
255Texas
58%
343Florida
50%
225Michigan
49%
321Ohio
43%
140Georgia
35%
303Illinois
35%
167Missouri
19%

Score Distribution

Percentile by Number Answered

Percent of People with Each Score

Your Score History

You have not taken this quiz